[Event "4NCL 2012-13"]
[Site "Staverton ENG"]
[Date "2013.02.24"]
[Round "6.162"]
[White "Morrison, Graham SCO"]
[Black "Ziska, Helgi Dam"]
[Result "1/2-1/2"]
[WhiteTitle "FM"]
[BlackTitle "IM"]
[WhiteElo "2352"]
[BlackElo "2474"]
[WhiteTeam "Barbican 4NCL"]
[BlackTeam "Jutes of Kent"]
[WhiteFideId "2400090"]
[BlackFideId "7200595"]
[EventDate "2012.11.03"]

1. d4 Nf6 2. c4 g6 3. Nc3 Bg7 4. Nf3 O-O 5. Bg5 c5 6. d5 b5 7. Nxb5 Ne4 8. Bc1
a6 9. Na3 Qa5+ 10. Nd2 f5 11. Qc2 e6 12. g3 Bb7 13. Bg2 exd5 14. O-O Nc6 15.
cxd5 Nb4 16. Qd1 Bxd5 17. Nac4 Qb5 18. Nxe4 fxe4 19. Ne3 Be6 20. a3 Nc6 21. Nd5
Rab8 22. Nc7 Qc4 23. Nxe6 Qxe6 24. Be3 d6 25. Qc2 Rfe8 26. Rab1 Nd4 27. Bxd4
cxd4 28. Qc6 d5 29. Qxe6+ Rxe6 30. Rfc1 Reb6 31. b4 a5 32. Bh3 axb4 33. Rxb4
Rxb4 34. axb4 Rxb4 35. Be6+ 1/2-1/2

[Event "4NCL 2012-13"]
[Site "Staverton ENG"]
[Date "2013.02.24"]
[Round "6.164"]
[White "Rogers, Jonathan W"]
[Black "Dickenson, Neil F"]
[Result "1/2-1/2"]
[WhiteTitle "FM"]
[BlackTitle "FM"]
[WhiteElo "2328"]
[BlackElo "2298"]
[WhiteTeam "Barbican 4NCL"]
[BlackTeam "Jutes of Kent"]
[WhiteFideId "402052"]
[BlackFideId "401897"]
[EventDate "2012.11.03"]

1. d4 c5 2. d5 Nf6 3. Nc3 g6 4. e4 d6 5. f4 Nfd7 6. Nf3 Bg7 7. Bd3 Na6 8. O-O
Rb8 9. Kh1 Nc7 10. a4 a6 11. f5 b5 12. axb5 axb5 13. fxg6 hxg6 14. Bf4 b4 15.
Na4 Nf6 16. Kg1 Bg4 17. h3 Bxf3 18. Qxf3 O-O 19. Bc4 Nd7 20. Rad1 Ne5 21. Qe2
Qd7 22. b3 Nb5 23. Bxb5 Qxb5 24. Qxb5 Rxb5 25. Nb2 Ra8 26. Bxe5 Bxe5 27. Nc4
Bd4+ 28. Kh1 Ra2 29. Rc1 Rb8 30. Rfe1 f6 31. Re2 Kg7 32. g3 Rba8 33. Kg2 Ra1 1/2-1/2

[Event "4NCL 2012-13"]
[Site "Staverton ENG"]
[Date "2013.02.24"]
[Round "6.166"]
[White "Poobalasingam, Peter S"]
[Black "Kirk, Ezra"]
[Result "1-0"]
[WhiteTitle "FM"]
[WhiteElo "2211"]
[BlackElo "2258"]
[WhiteTeam "Barbican 4NCL"]
[BlackTeam "Jutes of Kent"]
[WhiteFideId "410683"]
[BlackFideId "600067"]
[EventDate "2012.11.03"]

1. d4 Nf6 2. Nc3 d5 3. Bg5 Nbd7 4. Nf3 g6 5. Qd3 Bg7 6. O-O-O O-O 7. h3 c6 8. e4
dxe4 9. Nxe4 Nxe4 10. Qxe4 Nf6 11. Bxf6 Bxf6 12. Bc4 a5 13. g4 b5 14. Bxb5 Rb8
15. Bxc6 Be6 16. b3 Qd6 17. Ne5 Rfc8 18. Rhe1 Bxe5 19. dxe5 Qxc6 20. Rd8+ Rxd8
21. Qxc6 a4 22. Qe4 axb3 23. axb3 Ra8 24. Kb2 Ra5 25. Ra1 Rad5 26. Ra7 Rd2 27.
Ra8 Kg7 28. Rxd8 Rxd8 29. Qe2 1-0

[Event "4NCL 2012-13"]
[Site "Staverton ENG"]
[Date "2013.02.24"]
[Round "6.172"]
[White "Ledger, Andrew J"]
[Black "Houska, Jovanka"]
[Result "0-1"]
[WhiteTitle "IM"]
[BlackTitle "IM"]
[WhiteElo "2402"]
[BlackElo "2400"]
[WhiteTeam "Blackthorne Russia"]
[BlackTeam "Wood Green, Hilsmark Kingfisher"]
[WhiteFideId "400610"]
[BlackFideId "405094"]
[EventDate "2012.11.03"]

1. Nf3 d5 2. c4 e6 3. g3 Nf6 4. Bg2 Be7 5. O-O O-O 6. d4 c6 7. Qc2 Nbd7 8. Nbd2
b6 9. e4 Bb7 10. e5 Ne8 11. cxd5 cxd5 12. Re1 Rc8 13. Qa4 a5 14. Bf1 Bc6 15. Qd1
Nc7 16. Bd3 Bb5 17. Bb1 Na6 18. Nf1 Re8 19. h4 Nf8 20. h5 Bb4 21. Bd2 h6 22. Ne3
Re7 23. Kg2 Rec7 24. a3 Bxd2 25. Nxd2 Nb8 26. a4 Ba6 27. f4 f5 28. exf6 Qxf6 29.
Nf3 Nc6 30. f5 Nb4 31. fxe6 Nxe6 32. Ng4 Qf7 33. Nfe5 Qf8 34. Ng6 Qf7 35. Ne3
Ng5 36. Bf5 Re8 37. g4 Bc8 38. Ne5 Qf6 39. Rc1 Bxf5 40. Nxf5 Rxc1 41. Qxc1 Ne6
42. Nd7 Qf7 43. Ne5 Qf6 44. Qd2 Rc8 45. Rc1 Re8 46. Ng6 Kh7 47. Qe3 Qd8 48. Ne5
Qf6 49. Ng6 Qd8 50. Ne5 Qf6 51. Nf3 Nd3 52. Kg3 Nxc1 53. Qxc1 Ng5 54. Ne5 Rxe5
55. dxe5 Qxe5+ 56. Qf4 Qxb2 57. Ne3 Ne4+ 58. Kh3 Qf6 59. Nf5 Qa1 60. Kg2 Qxa4
61. Ne7 Qa2+ 62. Kf1 Qa1+ 63. Ke2 Qb2+ 64. Ke1 Qb4+ 0-1

[Event "4NCL 2012-13"]
[Site "Staverton ENG"]
[Date "2013.02.24"]
[Round "6.173"]
[White "Emms, John M"]
[Black "Ansell, Simon T"]
[Result "0-1"]
[WhiteTitle "GM"]
[BlackTitle "IM"]
[WhiteElo "2483"]
[BlackElo "2377"]
[WhiteTeam "Wood Green, Hilsmark Kingfisher"]
[BlackTeam "Blackthorne Russia"]
[WhiteFideId "400254"]
[BlackFideId "402141"]
[EventDate "2012.11.03"]

1. e4 g6 2. d4 Bg7 3. Nc3 a6 4. Nf3 d6 5. Be3 Nd7 6. Qd2 b5 7. a4 b4 8. Ne2 Rb8
9. Ng3 h5 10. Bc4 h4 11. Ne2 e6 12. Bg5 Bf6 13. O-O h3 14. g3 Bb7 15. Bd3 c5 16.
c3 c4 17. Bxc4 Bxe4 18. Bxf6 Ngxf6 19. Ng5 a5 20. Rfe1 Qc8 21. Bb5 bxc3 22. Nxc3
Ba8 23. Qf4 O-O 24. d5 Bxd5 25. Bxd7 Nxd7 26. Nxd5 exd5 27. Re7 Rb4 28. Qxd6 Nb6
29. Rae1 Qf5 30. Re8 Nd7 31. Qe7 Rb8 32. Rxb8 Rxb8 33. b3 Nf8 34. Rd1 Rxb3 35.
Qd8 Rb1 0-1

[Event "4NCL 2012-13"]
[Site "Staverton ENG"]
[Date "2013.02.24"]
[Round "6.175"]
[White "Greet, Andrew N"]
[Black "Webb, Laurence E"]
[Result "1-0"]
[WhiteTitle "IM"]
[BlackTitle "FM"]
[WhiteElo "2438"]
[BlackElo "2285"]
[WhiteTeam "Wood Green, Hilsmark Kingfisher"]
[BlackTeam "Blackthorne Russia"]
[WhiteFideId "405817"]
[BlackFideId "402389"]
[EventDate "2012.11.03"]

1. e4 c6 2. d4 d5 3. exd5 cxd5 4. c4 Nf6 5. Nc3 g6 6. Nf3 Bg7 7. Be2 O-O 8. O-O
dxc4 9. Bxc4 Bg4 10. h3 Bxf3 11. Qxf3 Nc6 12. Rd1 Rc8 13. Bb3 Na5 14. Be3 Nxb3
15. axb3 Qb6 16. Ra3 a6 17. d5 Qc7 18. Ra4 Qd7 19. Rc4 Ne8 20. Qg4 Qxg4 21. hxg4
Nd6 22. Rc5 Rxc5 23. Bxc5 Rc8 24. Bb4 Kf8 25. f3 Ke8 26. Kf2 Kd7 27. Ke2 h6 28.
Kd3 Rh8 29. Na4 Kc7 30. Ba5+ Kb8 31. Re1 Re8 32. Bc3 Bxc3 33. bxc3 Kc7 34. c4 b6
35. Nc3 Kd7 36. Rh1 Rh8 37. Kd4 Kc7 38. b4 Nb7 39. c5 bxc5+ 40. bxc5 h5 41. Ne4
a5 42. Nc3 Rg8 43. Nb5+ Kc8 44. Re1 Kd8 45. c6 Nd6 46. Nxd6 exd6 47. g5 Rf8 48.
Rb1 Kc8 49. Rb7 f6 50. Rd7 fxg5 51. Rxd6 g4 52. fxg4 Rf4+ 53. Kc5 Rxg4 54. Rf6
Rg5 55. Kd6 Kb8 56. Rf8+ 1-0

[Event "4NCL 2012-13"]
[Site "Staverton ENG"]
[Date "2013.02.24"]
[Round "6.176"]
[White "Ledger, Dave J"]
[Black "Lee, Graham D"]
[Result "1/2-1/2"]
[WhiteTitle "FM"]
[BlackTitle "FM"]
[WhiteElo "2268"]
[BlackElo "2249"]
[WhiteTeam "Blackthorne Russia"]
[BlackTeam "Wood Green, Hilsmark Kingfisher"]
[WhiteFideId "401986"]
[BlackFideId "400750"]
[EventDate "2012.11.03"]

1. e4 c6 2. d4 d5 3. e5 Bf5 4. Nf3 e6 5. Nbd2 c5 6. dxc5 Bxc5 7. Nb3 Bb6 8. Nfd4
Bg6 9. h4 h6 10. h5 Bh7 11. Qg4 Kf8 12. Rh3 Ne7 13. Rg3 Rg8 14. Bd2 Nbc6 15. Qf4
Nxd4 16. Nxd4 Bxd4 17. Qxd4 Nc6 18. Bb4+ Nxb4 19. Qxb4+ Qe7 20. Qd4 Rc8 21. Rc3
Rxc3 22. Qxc3 g5 23. hxg6 Bxg6 24. g3 Bh5 25. f4 b6 26. Kf2 Qc5+ 1/2-1/2

[Event "4NCL 2012-13"]
[Site "Staverton ENG"]
[Date "2013.02.24"]
[Round "6.177"]
[White "Sahl, Sheila Barth"]
[Black "Eames, Robert S"]
[Result "1-0"]
[WhiteTitle "WIM"]
[BlackTitle "FM"]
[WhiteElo "2243"]
[BlackElo "2263"]
[WhiteTeam "Wood Green, Hilsmark Kingfisher"]
[BlackTeam "Blackthorne Russia"]
[WhiteFideId "1500953"]
[BlackFideId "408743"]
[EventDate "2012.11.03"]

1. d4 Nf6 2. c4 c5 3. d5 b5 4. cxb5 a6 5. b6 e6 6. Nc3 Nxd5 7. Nxd5 exd5 8. Qxd5
Nc6 9. Nf3 Rb8 10. Bd2 Be7 11. Bc3 O-O 12. e4 Rxb6 13. Bc4 d6 14. O-O Be6 15.
Qd3 Nb4 16. Qe2 Bxc4 17. Qxc4 d5 18. exd5 Qxd5 19. Ne5 Qxc4 20. Nxc4 Re6 21.
Rfe1 Nd3 22. Rxe6 fxe6 23. Rd1 Nf4 24. Be5 Nd5 25. g3 Rd8 26. Rd3 Kf7 27. a3 Bf6
28. Rb3 Rd7 29. Rb8 Ne7 30. Ra8 Rd1+ 31. Kg2 Nc6 32. Bxf6 gxf6 33. Rxa6 Nd4 34.
Ra5 Ne2 35. Rxc5 Rg1+ 36. Kf3 Nd4+ 37. Ke4 Rd1 38. f4 Nf5 39. a4 Rh1 40. a5 Re1+
41. Kd3 Rd1+ 42. Kc3 Ne7 43. a6 Ra1 44. Ra5 Nd5+ 45. Kb3 Rxa5 46. Nxa5 Nc7 47.
a7 e5 48. fxe5 fxe5 49. Nc4 Ke6 50. Nb6 e4 51. a8=Q 1-0

[Event "4NCL 2012-13"]
[Site "Staverton ENG"]
[Date "2013.02.24"]
[Round "6.178"]
[White "Ledger, Stephen C"]
[Black "Hegarty, Sarah N"]
[Result "1/2-1/2"]
[BlackTitle "WFM"]
[WhiteElo "2088"]
[BlackElo "2133"]
[WhiteTeam "Blackthorne Russia"]
[BlackTeam "Wood Green, Hilsmark Kingfisher"]
[WhiteFideId "404470"]
[BlackFideId "2501465"]
[EventDate "2012.11.03"]

1. d4 Nf6 2. Bg5 e6 3. e4 h6 4. Bxf6 Qxf6 5. Nc3 Bb4 6. Qd2 Nc6 7. Nf3 e5 8. a3
Bxc3 9. bxc3 O-O 10. d5 Ne7 11. Be2 d6 12. O-O Qg6 13. Qd3 f5 14. Nh4 Qg5 15.
Nxf5 Nxf5 16. exf5 Bxf5 17. Qg3 Qxg3 18. hxg3 Bxc2 19. Ra2 Bg6 20. Rb2 b6 21.
Ba6 Rf5 22. Rb4 Re8 23. Ra4 e4 24. Bb5 Re7 25. Rxa7 Kh7 26. Bc6 Bf7 27. c4 Bh5
28. Re1 Bg6 29. a4 Rf8 30. a5 bxa5 31. Rxa5 Ref7 32. Ra2 Rb8 33. Bb5 Bf5 34. Re3
g5 35. Rea3 Bg4 36. Ra8 Rxa8 37. Rxa8 Be2 38. Re8 Bd3 39. Rc8 Kg7 40. Re8 Kf6
41. Re6+ Kg7 42. Re8 h5 43. Re6 Rf6 1/2-1/2

[Event "4NCL 2012-13"]
[Site "Staverton ENG"]
[Date "2013.02.24"]
[Round "6.181"]
[White "Ghasi, Ameet K"]
[Black "Cobb, James"]
[Result "1-0"]
[WhiteTitle "IM"]
[BlackTitle "IM"]
[WhiteElo "2434"]
[BlackElo "2423"]
[WhiteTeam "Warwickshire Select"]
[BlackTeam "South Wales Dragons"]
[WhiteFideId "409200"]
[BlackFideId "1800949"]
[EventDate "2012.11.03"]

1. Nf3 d6 2. d4 Bg4 3. g3 Bxf3 4. exf3 g6 5. d5 Bg7 6. c4 Nh6 7. Bh3 Nf5 8. Bxf5
gxf5 9. O-O Nd7 10. Re1 O-O 11. Nc3 Ne5 12. Qe2 Re8 13. f4 Ng4 14. Qd3 Qd7 15.
h3 Nf6 16. Be3 c5 17. Rab1 e6 18. Red1 Rad8 19. b4 b6 20. a4 cxb4 21. Rxb4 e5
22. fxe5 dxe5 23. Bg5 Rc8 24. d6 Rc6 25. a5 Ne4 26. Nxe4 fxe4 27. Qd5 Bf8 28.
Qxe4 Rxd6 29. Rxd6 Bxd6 30. Rb5 Bc5 31. axb6 axb6 32. Be3 Qxh3 33. Bxc5 bxc5 34.
Rxc5 Rd8 35. Rd5 Rb8 36. Rxe5 Kf8 37. Qd3 Ra8 38. Re1 Qh6 39. Qd4 Kg8 40. Qe4
Rb8 41. c5 Qg6 42. Qd5 Rc8 43. Qd7 Qc6 44. Re8+ 1-0

[Event "4NCL 2012-13"]
[Site "Staverton ENG"]
[Date "2013.02.24"]
[Round "6.183"]
[White "Mason, Donald J"]
[Black "Dineley, Richard"]
[Result "1/2-1/2"]
[WhiteElo "2222"]
[BlackElo "2249"]
[WhiteTeam "Warwickshire Select"]
[BlackTeam "South Wales Dragons"]
[WhiteFideId "405116"]
[BlackFideId "1800680"]
[EventDate "2012.11.03"]

1. d4 Nf6 2. c4 e6 3. Nf3 d5 4. g3 c5 5. cxd5 exd5 6. Bg2 Nc6 7. O-O Be7 8. Nc3
O-O 9. Bg5 cxd4 10. Nxd4 h6 11. Be3 Re8 12. Rc1 Bf8 13. Nxc6 bxc6 14. Na4 Bd7
15. Nc5 Bxc5 16. Bxc5 Bf5 17. Bd4 Re6 18. e3 Qa5 19. a3 Qa6 20. Re1 Ne4 21. f3
Nf6 22. Bf1 Qb7 23. Qa4 1/2-1/2

[Event "4NCL 2012-13"]
[Site "Staverton ENG"]
[Date "2013.02.24"]
[Round "6.184"]
[White "Redmond, John P."]
[Black "Thomas, Nicholas"]
[Result "1/2-1/2"]
[BlackTitle "FM"]
[WhiteElo "2236"]
[BlackElo "2283"]
[WhiteTeam "South Wales Dragons"]
[BlackTeam "Warwickshire Select"]
[WhiteFideId "2500051"]
[BlackFideId "402117"]
[EventDate "2012.11.03"]

1. Nf3 e6 2. c4 Nf6 3. g3 a6 4. Nc3 d5 5. d4 dxc4 6. Bg2 c5 7. dxc5 Qxd1+ 8.
Nxd1 Bxc5 9. Ne5 Ra7 10. Nxc4 O-O 11. Be3 Bxe3 12. Ndxe3 b5 13. Na5 Rc7 14. O-O
Bd7 15. Rfd1 g6 16. f4 Bc6 17. Rac1 Rfc8 18. Nxc6 Nxc6 19. a3 Ne8 20. Kf2 Kf8 1/2-1/2

[Event "4NCL 2012-13"]
[Site "Staverton ENG"]
[Date "2013.02.24"]
[Round "6.185"]
[White "Shephard, Chris C W"]
[Black "Jameson, David"]
[Result "0-1"]
[WhiteElo "2167"]
[BlackElo "2143"]
[WhiteTeam "Warwickshire Select"]
[BlackTeam "South Wales Dragons"]
[WhiteFideId "470953"]
[BlackFideId "1801538"]
[EventDate "2012.11.03"]

1. c4 e5 2. Nc3 Nf6 3. Nf3 Nc6 4. e4 Bc5 5. Nxe5 Nxe5 6. d4 Bb4 7. dxe5 Nxe4 8.
Qd4 Nxc3 9. bxc3 Be7 10. Qg4 O-O 11. Bh6 g6 12. Bxf8 Bxf8 13. Qf3 Bg7 14. Be2
Bxe5 15. O-O d6 16. Rad1 Qf6 17. Rd3 Rb8 18. Qe3 Qf4 19. Qxf4 Bxf4 20. c5 Bf5
21. Rd4 Be5 22. Ra4 dxc5 23. Rxa7 Bxc3 24. Bf3 c6 25. Rd1 h5 26. h3 c4 27. Be2
Be6 28. Rb1 b5 29. Bf3 c5 30. Rc7 Bb4 31. a4 bxa4 32. Rxc5 Bf5 33. Rxf5 gxf5 34.
Bd5 c3 35. Kf1 c2 36. Rc1 Re8 0-1

[Event "4NCL 2012-13"]
[Site "Staverton ENG"]
[Date "2013.02.24"]
[Round "6.186"]
[White "Morris, Charles F"]
[Black "James, Russell A"]
[Result "1/2-1/2"]
[WhiteElo "2155"]
[BlackElo "2180"]
[WhiteTeam "South Wales Dragons"]
[BlackTeam "Warwickshire Select"]
[WhiteFideId "1800140"]
[BlackFideId "407070"]
[EventDate "2012.11.03"]

1. c4 e6 2. g3 d5 3. Bg2 Nf6 4. Nf3 c5 5. O-O Nc6 6. cxd5 exd5 7. d4 Be7 8. dxc5
Bxc5 9. Bg5 O-O 10. Nc3 d4 11. Bxf6 Qxf6 12. Ne4 Qe7 13. Nxc5 Qxc5 14. Rc1 Qb6 1/2-1/2

[Event "4NCL 2012-13"]
[Site "Staverton ENG"]
[Date "2013.02.24"]
[Round "6.187"]
[White "Stepanyan, Henrik"]
[Black "James, David"]
[Result "0-1"]
[BlackTitle "FM"]
[WhiteElo "2016"]
[BlackElo "2147"]
[WhiteTeam "Warwickshire Select"]
[BlackTeam "South Wales Dragons"]
[WhiteFideId "401030"]
[BlackFideId "1800272"]
[EventDate "2012.11.03"]

1. c4 e5 2. Nc3 Nf6 3. Nf3 Nc6 4. e3 d6 5. Be2 g6 6. O-O Bg7 7. a3 O-O 8. d4 h6
9. b4 exd4 10. exd4 d5 11. b5 Ne7 12. c5 Ne4 13. Bb2 b6 14. Nxe4 dxe4 15. Ne5
Be6 16. Qc2 Bd5 17. Bc4 Kh7 18. c6 Bxc4 19. Qxc4 Qd5 20. Qe2 Nf5 21. Rfe1 Nd6
22. a4 f5 23. Red1 Rae8 24. Ba3 Rf6 25. Bxd6 Rxd6 26. Nc4 Rdd8 27. Ne3 Qf7 28.
Nc2 f4 29. Ra3 Rd5 30. Qc4 Qf5 31. Nb4 Rd6 32. d5 f3 33. Nc2 fxg2 34. Ne3 Qh5
35. Qc2 Be5 36. Kxg2 Qxh2+ 37. Kf1 Rf8 38. Nc4 Rdf6 39. Rd2 Qh1+ 40. Ke2 0-1

[Event "4NCL 2012-13"]
[Site "Staverton ENG"]
[Date "2013.02.24"]
[Round "6.188"]
[White "Owens, Megan R"]
[Black "James, Ann-Marie"]
[Result "0-1"]
[BlackTitle "WFM"]
[WhiteElo "1847"]
[BlackElo "2051"]
[WhiteTeam "South Wales Dragons"]
[BlackTeam "Warwickshire Select"]
[WhiteFideId "1801996"]
[BlackFideId "403644"]
[EventDate "2012.11.03"]

1. c4 Nf6 2. g3 e6 3. Bg2 d5 4. d4 dxc4 5. Qa4+ Nbd7 6. Nf3 a6 7. Qxc4 c5 8.
dxc5 Bxc5 9. O-O O-O 10. Nc3 b5 11. Qd3 Bb7 12. Bg5 Qb6 13. Bxf6 Nxf6 14. e3
Rfd8 15. Qe2 Bb4 16. Rac1 Rac8 17. Nb1 Bd5 18. b3 Qb7 19. Rfd1 a5 20. Rxc8 Rxc8
21. a3 Be7 22. Ne1 Ne4 23. Rd3 a4 24. Nc2 Bxb3 25. Nc3 Rxc3 26. Bxe4 Rxc2 0-1

[Event "4NCL 2012-13"]
[Site "Hinckley ENG"]
[Date "2013.03.23"]
[Round "7.111"]
[White "Rendle, Thomas E"]
[Black "Howell, David W L"]
[Result "0-1"]
[WhiteTitle "IM"]
[BlackTitle "GM"]
[WhiteElo "2381"]
[BlackElo "2634"]
[WhiteTeam "Sambuca Sharks & Sons of Anarchy"]
[BlackTeam "Wood Green, Hilsmark Kingfisher"]
[WhiteFideId "408760"]
[BlackFideId "410608"]
[EventDate "2012.11.03"]

1. e4 e5 2. Nf3 Nc6 3. Bb5 a6 4. Ba4 d6 5. c3 Nf6 6. O-O Bd7 7. Re1 g6 8. d4 b5
9. Bc2 Bg7 10. dxe5 dxe5 11. Nbd2 O-O 12. Nb3 Qe7 13. Be3 Rfd8 14. Qc1 Bg4 15.
Nfd2 Nd7 16. f3 Be6 17. Bd3 Na7 18. Be2 c5 19. Na5 c4 20. b4 Nf8 21. Nf1 Qc7 22.
a4 Nc8 23. Bf2 h5 24. Ne3 Nb6 25. axb5 axb5 26. Nc2 Nbd7 27. Na3 Rdb8 28. Rd1
Kh7 29. Qd2 Ra6 30. Be3 f5 31. exf5 gxf5 32. f4 Nf6 33. Nc2 Ng6 34. fxe5 Ne4 35.
Qe1 Bxe5 36. Nd4 Bxh2+ 37. Kh1 Bg3 38. Qf1 f4 39. Qf3 Nf6 40. Nxe6 Rxe6 41. Bd4
Ne5 42. Qf1 Qg7 43. Bf3 Qg5 44. Qe2 Rbe8 45. Kg1 Qh4 46. Kf1 Neg4 47. Qc2+ Kh6 0-1

[Event "4NCL 2012-13"]
[Site "Hinckley ENG"]
[Date "2013.03.23"]
[Round "7.113"]
[White "Murphy, Hugh W"]
[Black "Pert, Nicholas"]
[Result "0-1"]
[BlackTitle "GM"]
[WhiteElo "2152"]
[BlackElo "2557"]
[WhiteTeam "Sambuca Sharks & Sons of Anarchy"]
[BlackTeam "Wood Green, Hilsmark Kingfisher"]
[WhiteFideId "422444"]
[BlackFideId "403989"]
[EventDate "2012.11.03"]

1. e4 e6 2. d4 d5 3. exd5 exd5 4. Nf3 Nc6 5. Bb5 Bd6 6. c4 dxc4 7. O-O Ne7 8.
Bxc4 O-O 9. h3 Bf5 10. Nc3 Ng6 11. Re1 h6 12. Be3 a6 13. g4 Bd7 14. Ne4 Bb4 15.
Bd2 Bxd2 16. Qxd2 Nh4 17. Nxh4 Qxh4 18. Re3 Rad8 19. Qc3 Be6 20. Rd1 Bxg4 21.
Rde1 Bh5 22. d5 Ne7 23. Ng3 Nxd5 24. Qe5 Nxe3 25. Nxh5 Nf5 26. Be2 Qg5+ 27. Kh1
Rde8 28. Qc3 Rxe2 0-1

[Event "4NCL 2012-13"]
[Site "Hinckley ENG"]
[Date "2013.03.23"]
[Round "7.114"]
[White "Gordon, Stephen J"]
[Black "Purton, Ben J"]
[Result "1-0"]
[WhiteTitle "GM"]
[WhiteElo "2533"]
[BlackElo "2136"]
[WhiteTeam "Wood Green, Hilsmark Kingfisher"]
[BlackTeam "Sambuca Sharks & Sons of Anarchy"]
[WhiteFideId "411477"]
[BlackFideId "411132"]
[EventDate "2012.11.03"]

1. d4 Nf6 2. Nf3 d5 3. c4 dxc4 4. e3 a6 5. Bxc4 b5 6. Bd3 Bb7 7. O-O e6 8. Qe2
Nbd7 9. a4 b4 10. Nbd2 c5 11. Nc4 Be7 12. Rd1 cxd4 13. exd4 Nb6 14. Nce5 O-O 15.
a5 Nbd5 16. Ng5 Nc7 17. Bf4 h6 18. Ngf3 Ncd5 19. Bg3 Nh5 20. Bc2 Ndf4 21. Qd2
Nxg3 22. hxg3 Nd5 23. Qd3 Nf6 24. Ng4 Ne4 25. Re1 f5 26. Nge5 Bf6 27. Bb3 Bd5
28. Ng6 Re8 29. Red1 Qd6 30. Bxd5 exd5 31. Qb3 Bg5 32. Nfe5 Rac8 33. Nf4 Bxf4
34. gxf4 Rc7 35. Rdc1 Rec8 36. Rxc7 Rxc7 37. Qd3 g6 38. f3 Ng3 39. Kf2 Nh5 40.
g3 Kg7 41. Qd2 b3 42. Rc1 Qd8 43. Rc5 g5 44. fxg5 1-0

[Event "4NCL 2012-13"]
[Site "Hinckley ENG"]
[Date "2013.03.23"]
[Round "7.115"]
[White "Varnam, Liam D"]
[Black "Petrov, Marijan"]
[Result "0-1"]
[BlackTitle "GM"]
[WhiteElo "2140"]
[BlackElo "2512"]
[WhiteTeam "Sambuca Sharks & Sons of Anarchy"]
[BlackTeam "Wood Green, Hilsmark Kingfisher"]
[WhiteFideId "410950"]
[BlackFideId "2901773"]
[EventDate "2012.11.03"]

1. e4 g6 2. d4 Bg7 3. Nc3 d6 4. Nf3 a6 5. a4 b6 6. Bc4 e6 7. O-O Bb7 8. Be3 Nd7
9. Ne1 Ne7 10. Bb3 O-O 11. f3 c5 12. Ne2 d5 13. exd5 Nxd5 14. Bf2 Qg5 15. Bxd5
Bxd5 16. Qd3 Rfd8 17. c4 Bb7 18. Qe3 Qxe3 19. Bxe3 cxd4 20. Nxd4 Ne5 21. Rc1
Rac8 22. b3 Nxc4 23. bxc4 Bxd4 24. Nc2 Bc5 25. Bxc5 Rxc5 26. Ne3 Rd3 27. Rfe1
Bc6 28. Rb1 Bxa4 29. Rxb6 a5 30. Kf2 Kg7 31. Ra1 Bd7 32. Ke2 Rd4 33. Ra6 a4 34.
Ra3 e5 35. Rd3 Bc6 36. Ra7 h5 37. h3 Rf4 38. Rd8 e4 39. fxe4 Rxe4 40. Kd3 Rg5
41. Rd4 Re6 42. g4 Rge5 43. Nd5 h4 44. Rf4 Bxd5 45. Raxf7+ Kh6 46. g5+ Kh5 47.
cxd5 Rxd5+ 48. Kc4 Rf5 49. Rh7+ Kxg5 50. Rg4+ Kf6 51. Ra7 g5 52. Rxa4 Re3 53.
Ra6+ Kg7 54. Ra7+ Kg6 55. Rd4 Rxh3 56. Ra6+ Rf6 57. Ra8 Rg3 58. Rg8+ Kh5 59.
Rh8+ Rh6 60. Rg8 Rg4 0-1

[Event "4NCL 2012-13"]
[Site "Hinckley ENG"]
[Date "2013.03.23"]
[Round "7.117"]
[White "Edgell, Ben P"]
[Black "Pert, Richard G"]
[Result "0-1"]
[BlackTitle "IM"]
[WhiteElo "2099"]
[BlackElo "2454"]
[WhiteTeam "Sambuca Sharks & Sons of Anarchy"]
[BlackTeam "Wood Green, Hilsmark Kingfisher"]
[WhiteFideId "412589"]
[BlackFideId "404748"]
[EventDate "2012.11.03"]

1. Nf3 d5 2. c4 e6 3. g3 Nf6 4. Bg2 dxc4 5. Qa4+ c6 6. Qxc4 b5 7. Qc2 Bb7 8. O-O
Nbd7 9. a4 Rc8 10. d3 Be7 11. Nbd2 O-O 12. Nb3 a6 13. Bd2 c5 14. Ba5 Qe8 15.
axb5 axb5 16. Bc3 c4 17. dxc4 Rxc4 18. Na5 Be4 19. Qd2 Rc8 20. Rac1 Nd5 21. Nb3
Nxc3 22. Rxc3 Rxc3 23. Qxc3 Bd5 24. Nfd2 Bxg2 25. Kxg2 Nb6 26. Nf3 Bf6 27. Qc2
Nc4 28. Nbd4 e5 29. Nb3 Qc6 30. Kg1 Rc8 31. e4 Qe6 32. Rc1 h6 33. Qe2 Rd8 34.
Nc5 Qg4 35. Rc2 Bg5 36. Nxg5 Qxg5 37. Kg2 Qe7 38. Nd3 Qd6 39. Ne1 Qb4 40. Nd3
Rd4 41. f3 Qd6 42. Nf2 Qb4 43. Ng4 Qb3 44. Rc3 Qa2 45. Rc2 Qb1 46. Kh3 Kh7 47.
Nf2 f6 48. Nd3 Ne3 49. Rd2 Qf1+ 50. Qxf1 Nxf1 51. Rf2 Nxg3 52. Kxg3 Rxd3 53. Rc2
Rb3 54. Rd2 g5 55. Rd7+ Kg6 56. Rd2 h5 57. h3 h4+ 58. Kf2 Kf7 59. Ke2 Kg6 60.
Kf2 g4 61. hxg4 Kg5 62. Kg2 Kf4 63. Rd6 h3+ 64. Kxh3 Rxf3+ 65. Kh4 Kxe4 66. Rb6
Kd3 67. Rxb5 e4 68. Rd5+ Kc4 69. Rd8 e3 70. Kh5 e2 71. Rc8+ Kd3 72. Rd8+ Kc2 73.
Re8 Kd2 0-1

[Event "4NCL 2012-13"]
[Site "Hinckley ENG"]
[Date "2013.03.23"]
[Round "7.118"]
[White "Arakhamia-Grant, Ketevan"]
[Black "Kourtseva, Julie"]
[Result "1-0"]
[WhiteTitle "GM"]
[WhiteElo "2414"]
[BlackElo "1756"]
[WhiteTeam "Wood Green, Hilsmark Kingfisher"]
[BlackTeam "Sambuca Sharks & Sons of Anarchy"]
[WhiteFideId "13600168"]
[BlackFideId "418749"]
[EventDate "2012.11.03"]

1. e4 e6 2. d4 d5 3. Nc3 dxe4 4. Nxe4 Bd7 5. Nf3 Bc6 6. Bd3 Nd7 7. O-O Ngf6 8.
Ng3 Be7 9. b3 O-O 10. Bb2 Bxf3 11. Qxf3 c6 12. Rfe1 Re8 13. c4 Qc7 14. Rad1 Rad8
15. h3 Bd6 16. Ne4 Nxe4 17. Rxe4 e5 18. Rh4 Nf8 19. Bxh7+ Nxh7 20. Qh5 f6 21.
Qxh7+ Kf7 22. Rg4 Rg8 23. Qg6+ Kf8 24. dxe5 fxe5 25. Rg5 Rh8 26. Rf5+ Kg8 27.
Qe6+ 1-0